[Event "South Asian Chess Council-ch"]
[Site "Godawari"]
[Date "2023.06.17"]
[Round "8"]
[White "Lama, Surbir"]
[Black "Amer, Karim"]
[Result "1-0"]
[WhiteElo "2032"]
[BlackElo "2046"]
[PlyCount "197"]
[EventDate "2023.06.14"]
[EventType "tourn"]
[EventRounds "9"]
[EventCountry "NEP"]
[SourceTitle "CBM 214 Extra"]
[Source "ChessBase"]
[SourceDate "2023.07.31"]
[SourceVersion "1"]
[SourceVersionDate "2023.07.31"]
[SourceQuality "1"]

1. e4 c5 2. Nf3 Nc6 3. Bb5 g6 4. Bxc6 dxc6 5. d3 Bg7 6. 0-0 e5 7. Be3 b6 8. Nbd2 Ne7 9. Nc4 Qc7 10. a4 0-0 11. a5 Bg4 12. h3 Bxf3 13. Qxf3 f5 14. axb6 axb6 15. Rxa8 Rxa8 16. Bg5 b5 17. Bxe7 Qxe7 18. Nd2 f4 19. Qg4 Qd6 20. Nb3 h5 21. Qe2 Ra2 22. Rb1 Bf8 23. c4 Ra7 24. Rc1 Qe6 25. Nd2 Rd7 26. Nf3 Qd6 27. Ra1 Bg7 28. h4 Bf6 29. Ra6 b4 30. Qc2 Kg7 31. Qa4 Rc7 32. Qa5 Qe7 33. Qb6 Kh6 34. Qb8 Qd8 35. Qb6 Qd6 36. b3 Kg7 37. Ra8 Rd7 38. Ra7 Rxa7 39. Qxa7+ Kh6 40. Qf7 Qd8 41. Qe6 Kg7 42. Qxc6 Qxd3 43. Qc7+ Kg8 44. Qxc5 Qxe4 45. Qxb4 Qb1+ 46. Kh2 e4 47. Qb8+ Kg7 48. Qc7+ Kg8 49. Qxf4 exf3 50. Qxf6 fxg2 51. Qe6+ Kg7 52. Qe5+ Kh7 53. Qe7+ Kg8 54. Qe8+ Kg7 55. Qd7+ Kh6 56. Qd2+ Kh7 57. Kxg2 Qxb3 58. Qd5 Qa4 59. Qe6 Qa8+ 60. Kg3 Qb8+ 61. Kf3 Qb3+ 62. Kf4 Qb8+ 63. Qe5 Qf8+ 64. Kg3 Qc8 65. Qf4 Qc5 66. Qf7+ Kh6 67. Qd5 Qc7+ 68. Kf3 Qe7 69. Qd4 Qb7+ 70. Ke2 Kh7 71. f3 Qe7+ 72. Kf2 Qc7 73. Kg2 Qe7 74. Qe4 Qb4 75. Qd4 Qa4 76. Kg3 Qb4 77. Qa7+ Kg8 78. Qa8+ Kh7 79. Qe4 Qc5 80. Kg2 Qb4 81. Qf4 Qb2+ 82. Kg3 Qc3 83. Qf7+ Kh6 84. Qf8+ Kh7 85. Qe7+ Kh6 86. c5 Qb4 87. Qe3+ Kh7 88. Qe7+ Kh6 89. Qe5 Kh7 90. c6 Qb6 91. c7 Qg1+ 92. Kf4 Qh2+ 93. Ke4 Qe2+ 94. Kd5 Qxf3+ 95. Kd6 Qd3+ 96. Ke7 Qa3+ 97. Qd6 Qh3 98. Qd7 Qxh4+ 99. Kf8+ 1-0

[Event "South Asian Chess Council-ch"]
[Site "Godawari"]
[Date "2023.06.16"]
[Round "5"]
[White "Amer, Karim"]
[Black "Silwal, Purushottam"]
[Result "1-0"]
[WhiteElo "2046"]
[BlackElo "1828"]
[PlyCount "139"]
[EventDate "2023.06.14"]
[EventType "tourn"]
[EventRounds "9"]
[EventCountry "NEP"]
[SourceTitle "CBM 214 Extra"]
[Source "ChessBase"]
[SourceDate "2023.07.31"]
[SourceVersion "1"]
[SourceVersionDate "2023.07.31"]
[SourceQuality "1"]

1. d4 Nf6 2. c4 e6 3. Nf3 b6 4. g3 Bb7 5. Bg2 Be7 6. Nc3 0-0 7. Qc2 c5 8. dxc5 Bxc5 9. 0-0 Nc6 10. Rd1 Nb4 11. Qb1 Ng4 12. e3 f5 13. a3 Nc6 14. b4 Be7 15. h3 Nf6 16. Bb2 Rc8 17. Qd3 Qe8 18. Rac1 Qh5 19. Ne2 Rfd8 20. Nf4 Qf7 21. c5 bxc5 22. b5 c4 23. Rxc4 Na5 24. Ra4 Be4 25. Qf1 Nb3 26. Ng5 Bxg2 27. Qxg2 Qe8 28. Rxa7 Rc2 29. Be5 h6 30. Ngxe6 dxe6 31. Rxd8 Qxd8 32. Ra8 Rc8 33. Nxe6 Qd1+ 34. Kh2 Rxa8 35. Qxa8+ Kf7 36. Bxf6 Bxf6 37. Nf4 g5 38. Qb7+ Kg8 39. Qc8+ Kg7 40. Qb7+ Kg8 41. Nd5 Bd8 42. Qd7 Nd2 43. Qxd8+ Kh7 44. Qe7+ Kh8 45. Qf6+ Kh7 46. Qxf5+ Kh8 47. Kg2 Qf1+ 48. Kh2 Qd1 49. Qe5+ Kh7 50. Qe7+ Kh8 51. Qf6+ Kh7 52. Nc3 Nf3+ 53. Kg2 Ne1+ 54. Kf1 Qa1 55. Ke2 g4 56. hxg4 Ng2 57. Qe7+ Kg8 58. Qd8+ Kh7 59. Qd7+ Kh8 60. Qc8+ Kg7 61. Qb7+ Kh8 62. Qxg2 Qxc3 63. Qa8+ Kg7 64. Kf3 Qc1 65. Kg2 Qc5 66. a4 Qb4 67. Qb7+ Kg6 68. Qc6+ Kg7 69. Qd7+ Kf6 70. Qd4+ 1-0

[Event "Asia zt 3.2"]
[Site "Dhaka"]
[Date "2023.05.03"]
[Round "2"]
[White "Amer, Karim"]
[Black "Zia, Tahsin Tajwar"]
[Result "0-1"]
[WhiteElo "2071"]
[BlackElo "2315"]
[PlyCount "135"]
[EventDate "2023.05.02"]
[EventType "swiss"]
[EventRounds "9"]
[EventCountry "BAN"]
[SourceTitle "CBM 214 Extra"]
[Source "ChessBase"]
[SourceDate "2023.07.31"]
[SourceVersion "1"]
[SourceVersionDate "2023.07.31"]
[SourceQuality "1"]

1. d4 Nf6 2. c4 c5 3. e3 cxd4 4. exd4 d5 5. Nc3 Nc6 6. Be3 Be6 7. c5 g6 8. b4 a6 9. Nf3 Bg7 10. Be2 0-0 11. Qb3 Ne4 12. 0-0 Nxc3 13. Qxc3 Bg4 14. Rad1 e6 15. Rfe1 Bxf3 16. Bxf3 b6 17. Qb3 Qb8 18. a3 b5 19. Be2 a5 20. bxa5 Rxa5 21. Rd2 Qb7 22. Rb1 Rfa8 23. Qd1 Rxa3 24. Bxb5 Ne7 25. g4 Qc7 26. Rd3 R3a5 27. Qf3 Ra1 28. Rxa1 Rxa1+ 29. Rd1 Ra3 30. Bf4 Qa5 31. Qe2 Ra1 32. Bd6 Nc8 33. Be8 Rxd1+ 34. Qxd1 Qd8 35. Qa4 Nxd6 36. cxd6 Qxd6 37. Qa8 Bxd4 38. Qa2 Qf4 39. Qe2 Be5 40. f3 Qc1+ 41. Kg2 Bd4 42. Bb5 Kg7 43. Bd3 Qg1+ 44. Kh3 e5 45. Qf1 Qxf1+ 46. Bxf1 Bf2 47. Bd3 Kf6 48. Bc2 h6 49. Ba4 Ke6 50. Be8 Ke7 51. Bc6 d4 52. Be4 Ke6 53. Kg2 Bh4 54. h3 f5 55. Bd3 Kf6 56. Kf1 Kg5 57. Ke2 Kf4 58. gxf5 gxf5 59. Bb5 e4 60. fxe4 fxe4 61. Bc4 Be7 62. Bb5 d3+ 63. Ke1 Ke3 64. Bd7 Bh4+ 65. Kd1 Kd4 66. Bg4 e3 67. Bh5 Ke5 68. Bg4 0-1

[Event "Commonwealth-ch"]
[Site "Waskaduwa"]
[Date "2022.11.21"]
[Round "8"]
[White "Amer, Karim"]
[Black "Venkatesh, Marani Rajendran"]
[Result "0-1"]
[WhiteElo "2171"]
[BlackElo "2470"]
[PlyCount "64"]
[EventDate "2022.11.14"]
[EventType "swiss"]
[EventRounds "9"]
[EventCountry "SRI"]
[SourceTitle "CBM 211 Extra"]
[Source "ChessBase"]
[SourceDate "2023.01.31"]
[SourceVersion "1"]
[SourceVersionDate "2023.01.31"]
[SourceQuality "1"]

1. d4 Nf6 2. c4 e6 3. Nf3 Nc6 4. d5 exd5 5. cxd5 Bb4+ 6. Nc3 Ne7 7. e4 Nxe4 8. Qd4 Bxc3+ 9. bxc3 Nf6 10. c4 0-0 11. Bd3 d6 12. Bg5 Ng6 13. 0-0 h6 14. Bd2 Bg4 15. Ne1 Ne5 16. Bc3 Re8 17. f3 Bd7 18. Rb1 Qc8 19. Bc2 c6 20. f4 c5 21. Qd1 Neg4 22. Rf3 Ne3 23. Qd2 Nxc2 24. Bxf6 Nxe1 25. Rg3 Bg4 26. Bc3 Re2 27. Qc1 Rxg2+ 28. Rxg2 Nxg2 29. Kxg2 Bh3+ 30. Kh1 Qg4 31. Qd2 Qf3+ 32. Kg1 Re8 0-1

[Event "Commonwealth-ch"]
[Site "Waskaduwa"]
[Date "2022.11.19"]
[Round "6"]
[White "Amer, Karim"]
[Black "Lalith, Babu MR"]
[Result "0-1"]
[WhiteElo "2171"]
[BlackElo "2550"]
[PlyCount "78"]
[EventDate "2022.11.14"]
[EventType "swiss"]
[EventRounds "9"]
[EventCountry "SRI"]
[SourceTitle "CBM 211 Extra"]
[Source "ChessBase"]
[SourceDate "2023.01.31"]
[SourceVersion "1"]
[SourceVersionDate "2023.01.31"]
[SourceQuality "1"]

1. f4 d5 2. Nf3 c5 3. e3 g6 4. d4 Bg7 5. Be2 Nf6 6. 0-0 0-0 7. c4 cxd4 8. Nxd4 Nc6 9. Nxc6 bxc6 10. Nc3 Rb8 11. cxd5 Nxd5 12. Nxd5 Qxd5 13. Bf3 Qc5 14. Rf2 Bf5 15. Qe2 Be6 16. Qc2 Qa5 17. Bd2 Qb6 18. Qxc6 Qxb2 19. Re1 Qxa2 20. Bb4 Qb3 21. Bxe7 Rfe8 22. Bd6 Rec8 23. Qa6 Rb6 24. Qa3 a5 25. Qxb3 Rxb3 26. Be5 Bxe5 27. fxe5 a4 28. Ra1 a3 29. Rd2 Rb2 30. Re2 Rxe2 31. Bxe2 a2 32. Bf3 Rb8 33. Be4 Rb4 34. Bc2 Rb2 35. Bd3 Rb3 36. Bc2 Rxe3 37. Kf2 Rxe5 38. Bd3 Kf8 39. Rc1 Ke7 0-1

[Event "Commonwealth-ch"]
[Site "Waskaduwa"]
[Date "2022.11.18"]
[Round "5"]
[White "Priyadharshana, AASD"]
[Black "Amer, Karim"]
[Result "0-1"]
[WhiteElo "1734"]
[BlackElo "2171"]
[PlyCount "64"]
[EventDate "2022.11.14"]
[EventType "swiss"]
[EventRounds "9"]
[EventCountry "SRI"]
[SourceTitle "CBM 211 Extra"]
[Source "ChessBase"]
[SourceDate "2023.01.31"]
[SourceVersion "1"]
[SourceVersionDate "2023.01.31"]
[SourceQuality "1"]

1. e4 c5 2. Nf3 a6 3. d4 cxd4 4. Nxd4 e5 5. Nf3 Nf6 6. Bc4 Qc7 7. Qd3 b5 8. Bb3 Bb4+ 9. Bd2 Bxd2+ 10. Nbxd2 0-0 11. 0-0-0 Nc6 12. g4 a5 13. a3 a4 14. Bd5 Rb8 15. Qc3 Re8 16. Rhg1 Bb7 17. Nf1 Rbc8 18. Ne3 Qb6 19. Qd3 b4 20. Ng5 Nxd5 21. Qxd5 Rf8 22. Nc4 Qd8 23. h4 Nd4 24. Qxe5 Ne2+ 25. Kb1 Nxg1 26. Nd6 f6 27. Nxb7 fxe5 28. Nxd8 Rcxd8 29. Rxg1 bxa3 30. bxa3 Rxf2 31. Rd1 h6 32. Ne6 Rb8+ 0-1

[Event "Titled Tuesday intern op 11th May"]
[Site "Chess.com INT"]
[Date "2021.05.11"]
[Round "10"]
[White "Hoffmann, Asa"]
[Black "Amer, Karim"]
[Result "1-0"]
[WhiteElo "2185"]
[BlackElo "2235"]
[PlyCount "73"]
[EventDate "2021.05.11"]
[EventType "swiss (blitz)"]
[EventRounds "11"]
[EventCountry "USA"]
[SourceTitle "CBM 202 Extra"]
[Source "ChessBase"]
[SourceDate "2021.07.31"]
[SourceVersion "1"]
[SourceVersionDate "2021.07.31"]
[SourceQuality "1"]

1. d4 Nf6 2. Bg5 c5 3. d5 Qb6 4. Nc3 Qxb2 5. Bd2 a6 6. e4 d6 7. f4 Bg4 8. Be2 Bxe2 9. Ngxe2 Qb4 10. Rb1 Qc4 11. Rxb7 Nxe4 12. 0-0 Nxd2 13. Qxd2 g6 14. f5 Nd7 15. fxg6 hxg6 16. Qf4 Qxf4 17. Nxf4 Bg7 18. Na4 Ne5 19. Rfb1 0-0 20. Rxe7 Nc4 21. g3 Rae8 22. Rbe1 Rxe7 23. Rxe7 Bf6 24. Ra7 Re8 25. Rxa6 g5 26. Nd3 Re2 27. Nb6 Rxc2 28. Nxc4 Bd4+ 29. Kf1 Rxc4 30. Rxd6 Rc3 31. Ne1 Rc1 32. Ke2 Ra1 33. Ra6 Bc3 34. Nc2 Rb1 35. d6 Rb2 36. Kd3 Bf6 37. d7 1-0

[Event "Titled Tuesday intern op 02nd Mar"]
[Site "Chess.com INT"]
[Date "2021.03.02"]
[Round "2"]
[White "Kozin, Yuri"]
[Black "Amer, Karim"]
[Result "0-1"]
[WhiteElo "2251"]
[BlackElo "2235"]
[PlyCount "72"]
[EventDate "2021.03.02"]
[EventType "swiss (blitz)"]
[EventRounds "11"]
[EventCountry "USA"]
[SourceTitle "CBM 201 Extra"]
[Source "ChessBase"]
[SourceDate "2021.05.31"]
[SourceVersion "1"]
[SourceVersionDate "2021.05.31"]
[SourceQuality "1"]

1. e4 c5 2. Nf3 d6 3. d4 cxd4 4. Nxd4 Nf6 5. Nc3 a6 6. Be3 e5 7. Nf3 Be7 8. Bc4 Bg4 9. Nd5 0-0 10. Bb6 Qd7 11. Nc7 Qc6 12. Nxa8 Qxc4 13. Be3 Nbd7 14. Nb6 Nxb6 15. Bxb6 Qb4+ 16. c3 Qxb6 17. 0-0 Nxe4 18. Qd3 Bxf3 19. gxf3 Nf6 20. b4 Nh5 21. Kh1 Nf4 22. Qe3 Qc6 23. Rac1 Qd7 24. Rg1 Qf5 25. Rce1 g6 26. a4 b5 27. a5 Qh5 28. Rg3 Rc8 29. Qa7 Bh4 30. Rg4 Rxc3 31. Qxa6 Rxf3 32. Qc8+ Kg7 33. a6 Bxf2 34. Rf1 Qh3 35. Rd1 Qxh2+ 36. Kxh2 Rh3# 0-1

[Event "Titled Tuesday intern op 02nd Mar"]
[Site "Chess.com INT"]
[Date "2021.03.02"]
[Round "3"]
[White "Sawlin, Leonid"]
[Black "Amer, Karim"]
[Result "1-0"]
[WhiteElo "2385"]
[BlackElo "2235"]
[PlyCount "111"]
[EventDate "2021.03.02"]
[EventType "swiss (blitz)"]
[EventRounds "11"]
[EventCountry "USA"]
[SourceTitle "CBM 201 Extra"]
[Source "ChessBase"]
[SourceDate "2021.05.31"]
[SourceVersion "1"]
[SourceVersionDate "2021.05.31"]
[SourceQuality "1"]

1. e4 c5 2. Nf3 d6 3. d4 cxd4 4. Nxd4 Nf6 5. Nc3 a6 6. Be2 e5 7. Nb3 Be7 8. Bg5 Be6 9. 0-0 0-0 10. Qd2 b5 11. a3 h6 12. Bxf6 Bxf6 13. Nd5 Bg5 14. Qd3 Nd7 15. Rfd1 Nc5 16. Nxc5 dxc5 17. Qc3 Bf6 18. Qxc5 Rc8 19. Qa7 Rxc2 20. Ne3 Rxe2 21. Rxd8 Rxd8 22. b4 Rdd2 23. Rf1 Bg5 24. Nd5 Bxd5 25. exd5 Be3 26. Qxa6 Bxf2+ 27. Kh1 Bd4 28. Qc8+ Kh7 29. Qf5+ Kh8 30. Rc1 Bc3 31. Qc8+ Kh7 32. Qxc3 Rxg2 33. Qh3 Rgf2 34. Rf1 Rfe2 35. d6 Rxd6 36. Qf5+ Kh8 37. Qxf7 Rdd2 38. Qh5 Kh7 39. Qf5+ Kh8 40. Qh3 Kh7 41. Kg1 e4 42. Qf5+ Kh8 43. Qe5 Rg2+ 44. Kh1 Rgf2 45. Rxf2 Rxf2 46. Qxe4 Rf6 47. Qe8+ Kh7 48. Qxb5 h5 49. Qd3+ Kh6 50. b5 g5 51. a4 h4 52. a5 g4 53. Qe3+ Kh5 54. Qe5+ Kg6 55. Qxf6+ Kxf6 56. a6 1-0

[Event "Olympiad-39"]
[Site "Khanty-Mansiysk"]
[Date "2010.09.29"]
[Round "8.2"]
[White "Amer, Karim"]
[Black "Huguet Mainar, Sergio"]
[Result "1/2-1/2"]
[WhiteElo "2234"]
[BlackElo "2142"]
[PlyCount "122"]
[EventDate "2010.09.21"]
[EventType "team-swiss"]
[EventRounds "11"]
[EventCountry "RUS"]
[SourceTitle "CBM 139"]
[Source "ChessBase"]
[SourceDate "2010.11.18"]
[SourceVersion "1"]
[SourceVersionDate "2010.11.18"]
[SourceQuality "1"]
[WhiteTeam "Pakistan"]
[BlackTeam "Honduras"]
[WhiteTeamCountry "PAK"]
[BlackTeamCountry "HON"]

1. d4 Nf6 2. c4 g6 3. Nc3 d5 4. cxd5 Nxd5 5. e4 Nxc3 6. bxc3 Bg7 7. Nf3 c5 8. Be2 cxd4 9. cxd4 Nc6 10. Be3 Qa5+ 11. Bd2 Qd8 12. d5 Ne5 13. Nxe5 Bxe5 14. Rc1 0-0 15. 0-0 Bd7 16. Bh6 Bg7 17. Bxg7 Kxg7 18. Qd4+ Kg8 19. Rfd1 Qa5 20. Qe5 Qxa2 21. Bf3 Qa3 22. Rc7 f6 23. Qg3 Bc8 24. e5 fxe5 25. d6 e4 26. dxe7 Re8 27. Bxe4 Qxg3 28. hxg3 Kf7 29. Rd8 a5 30. Bd5+ Be6 31. Bxb7 Rb8 32. Bc6 Rb1+ 33. Kh2 Rxe7 34. Rxe7+ Kxe7 35. Ra8 Kd6 36. Be8 Rb2 37. f3 Bd5 38. Ra6+ Ke7 39. Bc6 Bxc6 40. Rxc6 Kf7 41. Rc7+ Kg8 42. Ra7 Ra2 43. f4 a4 44. g4 h6 45. Kh3 a3 46. Kh4 Ra1 47. f5 a2 48. Kg3 gxf5 49. gxf5 h5 50. Kh2 h4 51. Ra3 Kf7 52. Ra6 Kg7 53. Rg6+ Kf8 54. Ra6 Kf7 55. f6 Kg6 56. f7+ Kxf7 57. Ra7+ Ke6 58. Ra6+ Kd5 59. Ra5+ Kc4 60. Ra8 Kb3 61. Rb8+ Kc4 1/2-1/2

[Event "Olympiad-39"]
[Site "Khanty-Mansiysk"]
[Date "2010.09.27"]
[Round "6.2"]
[White "Amer, Karim"]
[Black "Abu Sufian, Sakil"]
[Result "1-0"]
[WhiteElo "2234"]
[BlackElo "2361"]
[PlyCount "95"]
[EventDate "2010.09.21"]
[EventType "team-swiss"]
[EventRounds "11"]
[EventCountry "RUS"]
[SourceTitle "CBM 139"]
[Source "ChessBase"]
[SourceDate "2010.11.18"]
[SourceVersion "1"]
[SourceVersionDate "2010.11.18"]
[SourceQuality "1"]
[WhiteTeam "Pakistan"]
[BlackTeam "Bangladesh"]
[WhiteTeamCountry "PAK"]
[BlackTeamCountry "BAN"]

1. d4 d5 2. c4 e5 3. dxe5 d4 4. Nf3 Nc6 5. g3 Be6 6. Bg2 Bxc4 7. 0-0 Qd7 8. Nbd2 Be6 9. Ne4 Bd5 10. Ne1 Qf5 11. Qc2 Qxe5 12. Bf4 Qe6 13. Bxc7 Rc8 14. Bf4 Nb4 15. Qb1 Be7 16. a3 Nc6 17. Qd3 Nf6 18. Ng5 Qd7 19. Bh3 Be6 20. Nxe6 fxe6 21. Nf3 0-0 22. Ng5 Nd8 23. Be5 Bc5 24. Rac1 h6 25. Bxf6 hxg5 26. Bxg5 Nf7 27. Bf4 Bb6 28. e3 Rcd8 29. Rfd1 Qe7 30. exd4 Bxd4 31. Qe2 e5 32. Be3 Ng5 33. Bg2 Ne6 34. Re1 Qf7 35. Rcd1 Nc5 36. b4 Ne6 37. Be4 Bxe3 38. Qxe3 Nd4 39. Rf1 b6 40. h4 Qh5 41. Kg2 Kh8 42. Qg5 Qxg5 43. hxg5 Rd6 44. Rc1 Ne6 45. g6 Rfd8 46. Rh1+ Kg8 47. Rh5 Nf8 48. Rch1 1-0

[Event "Olympiad-39"]
[Site "Khanty-Mansiysk"]
[Date "2010.09.24"]
[Round "4.2"]
[White "Amer, Karim"]
[Black "Cheparinov, Ivan"]
[Result "0-1"]
[WhiteElo "2234"]
[BlackElo "2661"]
[PlyCount "146"]
[EventDate "2010.09.21"]
[EventType "team-swiss"]
[EventRounds "11"]
[EventCountry "RUS"]
[SourceTitle "CBM 139"]
[Source "ChessBase"]
[SourceDate "2010.11.18"]
[SourceVersion "1"]
[SourceVersionDate "2010.11.18"]
[SourceQuality "1"]
[WhiteTeam "Pakistan"]
[BlackTeam "Bulgaria"]
[WhiteTeamCountry "PAK"]
[BlackTeamCountry "BUL"]

1. f4 c5 2. Nf3 g6 3. e4 Bg7 4. Nc3 Nc6 5. Bc4 e6 6. d3 Nge7 7. 0-0 d5 8. Bb3 0-0 9. Qe1 Na5 10. Bd2 b6 11. Qh4 c4 12. Ba4 a6 13. dxc4 dxc4 14. Nd1 b5 15. Bxa5 Qxa5 16. Qxe7 bxa4 17. e5 Qb6+ 18. Kh1 Bb7 19. c3 Rad8 20. Nd4 Rfe8 21. Qh4 Rb8 22. Rc1 Be4 23. a3 Qb7 24. Rf2 h5 25. Ne3 Bd3 26. Kg1 Qe4 27. Re1 Rb6 28. Rd2 Bxe5 29. Nxc4 Bxd4+ 30. Kh1 Bf6 31. Rxe4 Bxh4 32. Rxd3 Rbb8 33. g3 Bf6 34. Kg2 Red8 35. Rxd8+ Rxd8 36. Re2 g5 37. fxg5 Bxg5 38. Re5 Bc1 39. Re2 Rb8 40. Rc2 Bg5 41. Kf3 Kf8 42. Ne5 Rb5 43. Nd3 Ke7 44. c4 Rb3 45. Ke2 Bf6 46. Rd2 a5 47. c5 Rb8 48. Rc2 Kd7 49. Kd1 Rb3 50. c6+ Kc7 51. Kd2 Rb5 52. Ke2 Bd4 53. Kf3 Rb3 54. Ke2 e5 55. Kd2 Rb5 56. Ke2 e4 57. Nf4 Bxb2 58. Ke3 Bxa3 59. Kxe4 Bb2 60. Nd5+ Rxd5 61. Kxd5 a3 62. Rf2 f6 63. Re2 a2 64. Re7+ Kb6 65. Rb7+ Ka6 66. Rxb2 a1Q 67. c7 Qxb2 68. c8Q+ Qb7+ 69. Qxb7+ Kxb7 70. Kc5 Ka6 71. h3 f5 72. h4 a4 73. Kb4 Kb6 0-1

[Event "Olympiad-39"]
[Site "Khanty-Mansiysk"]
[Date "2010.09.21"]
[Round "1.2"]
[White "Amer, Karim"]
[Black "Vasquez Schroder, Rodrigo Rafael"]
[Result "0-1"]
[WhiteElo "2234"]
[BlackElo "2521"]
[PlyCount "58"]
[EventDate "2010.09.21"]
[EventType "team-swiss"]
[EventRounds "11"]
[EventCountry "RUS"]
[SourceTitle "CBM 139"]
[Source "ChessBase"]
[SourceDate "2010.11.18"]
[SourceVersion "1"]
[SourceVersionDate "2010.11.18"]
[SourceQuality "1"]
[WhiteTeam "Pakistan"]
[BlackTeam "Chile"]
[WhiteTeamCountry "PAK"]
[BlackTeamCountry "CHI"]

1. d4 Nf6 2. c4 e6 3. Nf3 Bb4+ 4. Bd2 Qe7 5. g3 Nc6 6. Bg2 Bxd2+ 7. Nbxd2 d6 8. e4 e5 9. d5 Nb8 10. 0-0 a5 11. c5 0-0 12. cxd6 cxd6 13. Re1 Na6 14. a3 Nc5 15. b4 axb4 16. axb4 Rxa1 17. Qxa1 Nd3 18. Rb1 Qc7 19. Qa3 Nxf2 20. Kxf2 Ng4+ 21. Ke2 Qb6 22. Rf1 Bd7 23. Nc4 Bb5 24. Nfd2 Nxh2 25. Rh1 Ng4 26. Kf3 Qf2+ 27. Kxg4 Bd7+ 28. Kh5 Qf6 29. Qe3 g6+ 0-1

[Event "Asia Clubs 1st"]
[Site "Al Ain"]
[Date "2008.12.26"]
[Round "2"]
[White "Vahidov, Tair"]
[Black "Amer, Karim"]
[Result "1-0"]
[WhiteElo "2515"]
[BlackElo "2265"]
[PlyCount "107"]
[EventDate "2008.12.25"]
[EventType "team"]
[EventRounds "7"]
[EventCountry "UAE"]
[SourceTitle "CBM 127 Extra"]
[Source "ChessBase"]
[SourceDate "2009.01.08"]
[SourceVersion "2"]
[SourceVersionDate "2009.01.28"]
[SourceQuality "1"]

1. d4 Nf6 2. c4 e6 3. Nc3 Bb4 4. Qc2 c5 5. dxc5 Na6 6. a3 Bxc3+ 7. Qxc3 Nxc5 8. f3 a5 9. e4 d6 10. Be3 Qc7 11. Rd1 a4 12. Qd4 Qa5+ 13. Bd2 Qc7 14. Bb4 b6 15. Qxd6 Qxd6 16. Rxd6 Nfd7 17. Ne2 Na6 18. Bc3 Ke7 19. Rd1 e5 20. Ng3 g6 21. Be2 Nac5 22. Nf1 f6 23. Ne3 Bb7 24. 0-0 Ne6 25. Nd5+ Kf7 26. Rd2 Rhd8 27. Rfd1 Rac8 28. g3 Ba6 29. Nb4 Ndc5 30. Kf2 Bb7 31. Ke3 Rxd2 32. Rxd2 Rd8 33. Rxd8 Nxd8 34. Nd5 Bxd5 35. cxd5 Ndb7 36. f4 Nd6 37. fxe5 fxe5 38. Bxe5 Ndxe4 39. Bc7 Nf6 40. Bxb6 Ncd7 41. Bd8 Nxd5+ 42. Kd4 Ne7 43. Bxe7 Kxe7 44. Bb5 Nf6 45. Bxa4 Ng4 46. h4 Kd6 47. Bc2 Nh2 48. Be4 Nf1 49. g4 Ng3 50. a4 Ne2+ 51. Ke3 Nc1 52. a5 Kc5 53. a6 Kb6 54. Bd5 1-0

[Event "Asia Clubs 1st"]
[Site "Al Ain"]
[Date "2008.12.25"]
[Round "1"]
[White "Amer, Karim"]
[Black "Dzhumaev, Marat"]
[Result "0-1"]
[WhiteElo "2265"]
[BlackElo "2540"]
[PlyCount "116"]
[EventDate "2008.12.25"]
[EventType "team"]
[EventRounds "7"]
[EventCountry "UAE"]
[SourceTitle "CBM 127 Extra"]
[Source "ChessBase"]
[SourceDate "2009.01.08"]
[SourceVersion "2"]
[SourceVersionDate "2009.01.28"]
[SourceQuality "1"]

1. d4 f5 2. Bg5 g6 3. Nf3 Bg7 4. Nbd2 h6 5. Bf4 d6 6. e3 Nf6 7. Bc4 e6 8. h3 Nc6 9. Qe2 Qe7 10. Bh2 g5 11. c3 Bd7 12. Bb3 0-0-0 13. 0-0-0 Rhe8 14. e4 f4 15. Rhe1 e5 16. d5 Nb8 17. Nc4 Rh8 18. Nfd2 c5 19. dxc6 Nxc6 20. f3 Be6 21. Bg1 Rhe8 22. Na3 Bf8 23. Ba4 d5 24. Bxc6 bxc6 25. exd5 Bxd5 26. Nb3 Qc7 27. Qa6+ Qb7 28. Qxb7+ Kxb7 29. c4 Bf7 30. Rxd8 Rxd8 31. Rxe5 Nd7 32. Re4 c5 33. Re2 Re8 34. Rxe8 Bxe8 35. Nb5 Ne5 36. Nc3 Nd3+ 37. Kd2 Nxb2 38. Nxc5+ Kc6 39. Ne6 Nxc4+ 40. Kd3 Ne5+ 41. Ke4 Bd6 42. Nd4+ Kd7 43. Nf5 Bg6 44. Nb5 Nf7 45. Bxa7 Ke6 46. Nbd4+ Kf6 47. Bb6 Be5 48. Kd5 Bxf5 49. Nxf5 Kxf5 50. a4 Bb8 51. a5 Ne5 52. a6 Nd3 53. Ba5 Ba7 54. Kc6 Nc5 55. Kb5 Ke5 56. Bb4 Kd5 57. Bc3 Ne6 58. Bf6 Nc7+ 0-1

[Event "Olympiad-38"]
[Site "Dresden"]
[Date "2008.11.16"]
[Round "4"]
[White "Amer, Karim"]
[Black "Solomon, Kenny"]
[Result "0-1"]
[WhiteElo "2265"]
[BlackElo "2337"]
[PlyCount "80"]
[EventDate "2008.11.13"]
[EventType "team-swiss"]
[EventRounds "11"]
[EventCountry "GER"]
[SourceTitle "CBM 128"]
[Source "ChessBase"]
[SourceDate "2009.01.28"]
[SourceVersion "1"]
[SourceVersionDate "2009.01.28"]
[SourceQuality "1"]
[WhiteTeam "Pakistan"]
[BlackTeam "South Africa"]
[WhiteTeamCountry "PAK"]
[BlackTeamCountry "RSA"]

1. d4 Nf6 2. c4 e6 3. Nf3 b6 4. g3 Ba6 5. b3 b5 6. Bg2 bxc4 7. Ne5 Bb4+ 8. Bd2 cxb3 9. Qxb3 Bxd2+ 10. Nxd2 c6 11. Rb1 0-0 12. Qa3 Qc8 13. h4 d5 14. h5 h6 15. g4 Nfd7 16. g5 Nxe5 17. dxe5 hxg5 18. Qg3 Qd8 19. Nf3 Qa5+ 20. Kf1 Qxa2 21. Re1 Nd7 22. Qxg5 Rab8 23. h6 g6 24. h7+ Kh8 25. Bh3 Rb2 26. Qe3 Qb3 27. Qf4 Qc4 28. Qe3 Rb3 29. Qxa7 Rxf3 30. Qxd7 Qf4 31. Qa7 d4 32. Kg1 Rxf2 33. Bg2 Qg3 34. Rh2 Rxg2+ 35. Rxg2 Qxe1+ 36. Kh2 Qh4+ 37. Kg1 Bc4 38. Qc5 Qe1+ 39. Kh2 Qh4+ 40. Kg1 Ra8 0-1